Pays ou il y a le plus de Français - Statistiques

Statistiques générales
  • Ce quiz a été pris 863 fois
  • Le résultat moyen est 8 sur 14
Statistiques - réponses
Nombre Pays % Correct
67 413 000 France
96%
10 329 000 Etats-Unis
89%
7 167 000 Canada
86%
122 000 Espagne
86%
123 000 Belgique
84%
300 000 Royaume-Uni
78%
159 000 Suisse
75%
80 000 Maroc
54%
1 000 000 Brésil
49%
118 000 Australie
43%
6 000 000 Argentine
26%
800 000 Chili
11%
52 390 Israël
9%
124 000 Madagascar
4%
Aucun quiz correspondant
Distribution des résultats
% des personnes avec chaque résultat
Percentile par nombre de réponses
Votre historique - résultats
Vous n’avez pas pris ce quiz